Electrical engineering economics; (Record no. 545361)
[ view plain ]
| 000 -LEADER | |
|---|---|
| fixed length control field | 00766cam a2200193 4500 |
| 082 ## - DEWEY DECIMAL CLASSIFICATION NUMBER | |
| Classification number | 621.3033 |
| Author Mark | BOL |
| -- | L-9, P-10 |
| 100 1# - MAIN ENTRY--PERSONAL NAME | |
| Personal name | Bolton, D. J. |
| 9 (RLIN) | 41186 |
| 245 10 - TITLE STATEMENT | |
| Title | Electrical engineering economics; |
| Remainder of title | a study of the economic use and supply of electricity, |
| Statement of responsibility, etc. | by D. J. Bolton ... |
| 260 ## - PUBLICATION, DISTRIBUTION, ETC. | |
| Place of publication, distribution, etc. | London, |
| Name of publisher, distributor, etc. | Chapman & Hall, |
| Date of publication, distribution, etc. | 1950-51. |
| 300 ## - PHYSICAL DESCRIPTION | |
| Extent | 2 v. |
| Other physical details | diagrs. |
| Dimensions | 22 cm. |
| 505 0# - FORMATTED CONTENTS NOTE | |
| Formatted contents note | v. 1. General principles and choice of plant. 3d ed.--v. 2. Costs and tariffs in electricity supply. 2d ed., rev. |
| 526 ## - STUDY PROGRAM INFORMATION NOTE | |
| Program name | 0 |
| Interest level | 0 |
| Reading level | 0 |
| Title point value | 621_303300000000000_BOL |
| 526 ## - STUDY PROGRAM INFORMATION NOTE | |
| Program name | 0 |
| Interest level | 0 |
| Reading level | 0 |
| Title point value | 621_303300000000000_BOL |
| 526 ## - STUDY PROGRAM INFORMATION NOTE | |
| Program name | 0 |
| Interest level | 0 |
| Reading level | 0 |
| Title point value | 621_303300000000000_BOL |
| 650 #0 - SUBJECT ADDED ENTRY--TOPICAL TERM | |
| Topical term or geographic name entry element | Electric power-plants. |
| 9 (RLIN) | 35699 |
| 650 #0 - SUBJECT ADDED ENTRY--TOPICAL TERM | |
| Topical term or geographic name entry element | Electric utilities. |
| 9 (RLIN) | 41187 |
| 650 #0 - SUBJECT ADDED ENTRY--TOPICAL TERM | |
| Topical term or geographic name entry element | MCE |
| 9 (RLIN) | 379 |
| 942 ## - ADDED ENTRY ELEMENTS (KOHA) | |
| Source of classification or shelving scheme | |
| Koha item type | Book |
| Withdrawn status | Lost status | Source of classification or shelving scheme | Damaged status | Not for loan | Permanent Location | Current Location | Date acquired | Total Checkouts | Full call number | Barcode | Date last seen | Price effective from | Koha item type |
|---|---|---|---|---|---|---|---|---|---|---|---|---|---|
| Military College of Engineering (MCE) | Military College of Engineering (MCE) | 05/21/2014 | 621.3033 BOL | MCE-30459 | 05/21/2014 | 03/14/2021 | Book | ||||||
| Military College of Engineering (MCE) | Military College of Engineering (MCE) | 05/21/2014 | 621.3033 BOL | MCE-30480 | 05/21/2014 | 03/14/2021 | Book | ||||||
| Military College of Engineering (MCE) | Military College of Engineering (MCE) | 05/21/2014 | 621.3033 BOL | MCE-30460 | 05/21/2014 | 05/21/2014 | Book |
